Countries with polish native speakers - Statistics

General Stats
  • This quiz has been taken 32 times
  • The average score is 8 of 10
Answer Stats

Number Country % Correct
1 37 815 606 Poland
100%
4 576 816 United States of America
100%
2 1 112 818 Germany
96%
3 660 138 United Kingdom
96%
9 52 170 Czech Republic
89%
10 51 399 Australia
86%
6 181 710 Canada
82%
5 275 288 France
75%
8 135 895 Ireland
61%
7 160 506 Lithuania
61%
No matching quizzes found
Score Distribution
Percent of People with Each Score
Percentile by Number Answered
Your Score History
You have not taken this quiz